000 00553nam a22001937a 4500
003 KOHA_MİRAKIL
005 20251002133005.0
008 251002b tu ||||| |||| 00| 0 tur d
020 _a9786254193200
040 _aTR-AnABB
_btur
_cTR-AnABB
041 _atur
082 _a823.912
_bBUR 2022
100 1 _aBurnett, Frances Hodgson,
245 1 0 _aYarının şafağı /
_cFrances Hodgson Burnett
260 _aAnkara :
_bDorlion Yayınları,
_c2023
300 _a56 sayfa ;
_c20 cm
650 0 4 _aİngiliz edebiyatı, roman
942 _2ddc
_cBK
999 _c9030
_d9030
900 _bGizem YORULMAZ